000 00400nam a2200133Ia 4500
008 220217s9999||||xx |||||||||||||| ||und||
020 _a981-243-676-6
082 _a620.01 HAR
100 _aJR. Harris, Charles, E, Pritchard, Michel, S, Rabins, Michel
245 0 _aEngineering ethics
260 _aThomsan brooks cole
_bAustralia
_c2000
300 _b183
650 _aENGINEERING ETHICS
_93047
999 _c173910
_d173910